| 000 | 00655nam a2200205 a 4500 | ||
|---|---|---|---|
| 001 | 17760 | ||
| 003 | CO-ViMGA | ||
| 008 | 141112s2004 ck r 000 u spa d | ||
| 020 | _a847630952X | ||
| 040 |
_aCO-ViMGA _bspa _cCO-ViMGA |
||
| 082 | 0 | 4 | _a636.7 B683p |
| 100 | 1 |
_aBower, John y Caroline _925184 |
|
| 245 | 1 | 0 | _aPerro , preguntas y respuestas |
| 260 |
_aMadríd (España), _cLibsa, _c2000 |
||
| 300 | _a208.p. | ||
| 505 | _aCuidados del perro La salud del perro Educación y problemas de conducta Razas caninas - Razas de perros | ||
| 590 | _aForma de adquisición : Premio - Mincultura | ||
| 650 | 1 | 4 |
_aPERROS - CUIDADOS _925185 |
| 942 |
_2ddc _cBK |
||
| 999 |
_c27233 _d27233 |
||